000 00489nam a2200181Ia 4500
008 151018s9999 xx 000 0 und d
082 _bRBASDV64177
_a891.463
100 _aराजेंद्र खेर
245 _aउदयन
250 _b1
260 _bविहंग
_c2014
300 _a319
600 _aराजेंद्र खेर
630 _aउदयन
700 _aराजेंद्र खेर
730 _aउदयन
942 _cBOOK
999 _c1056517
_d1056514